000 00644nam a22001937a 4500
003 UA-OsUOA
001 10747
007 ta
008 20050203b un ||||| |||| 00| 0 ukr d
100 _aОлексів І.Б.
700 _aПодольчак Н.Ю.
942 _cSA
040 _aUA-OsUOA
_cUA-OsUOA
_dUA-OsUOA
245 _aМетоди багатовимірного аналізу в оцінюванні фінансових ризиків підприємства.
300 _aС.96-105
955 _a0
773 0 _w0
_tФінанси України
_dКиїв
_d2005
_g№1
650 7 _aЕкономіка підприємств
_2UDC
999 _c296908
_d296908